|
|
|
|
| LEADER |
00000nas a2200000 a 4500 |
| 001 |
ssj0020497 |
| 003 |
WaSeSS |
| 005 |
20200512172242.0 |
| 006 |
m d |
| 007 |
cr n |
| 008 |
930420c19939999ncutr pss 0 a0eng c |
| 010 |
|
|
|a sn 93003771
|
| 015 |
|
|
|a GBB715133
|2 bnb
|
| 016 |
7 |
|
|a 003278285
|2 IsJJNL
|
| 016 |
7 |
|
|a 017748460
|2 Uk
|
| 022 |
|
|
|a 1069-1898
|l 1069-1898
|
| 035 |
|
|
|a (WaSeSS)ssj0020497
|
| 037 |
|
|
|b c/o Dept. of Statistics, Box 8203, North Carolina State University, Raleigh, NC 27695-8203
|c Free
|
| 040 |
|
|
|a NSD
|b eng
|c NSD
|d OCL
|d HUL
|d CUS
|d OCL
|d CUS
|d WAU
|d NSD
|d CUS
|d OCLCQ
|d IUL
|d OCLCQ
|d DLC
|d OCLCQ
|d OCLCF
|d OCLCO
|d OCLCQ
|d CUS
|d J9U
|d SNU
|d CUS
|d OCLCQ
|d UKMGB
|d VT2
|d WaSeSS
|
| 042 |
|
|
|a nsdp
|a pcc
|
| 050 |
0 |
0 |
|a QA276.18
|
| 082 |
1 |
0 |
|a 519
|2 12
|
| 210 |
0 |
|
|a J. stat. educ.
|
| 222 |
|
0 |
|a Journal of statistics education
|
| 245 |
0 |
0 |
|a Journal of statistics education
|h [electronic resource] :
|b an international journal on the teaching and learning of statistics.
|
| 246 |
1 |
3 |
|a JSE
|
| 246 |
3 |
0 |
|a International journal on the teaching and learning of statistics
|
| 260 |
|
|
|a Raleigh, NC :
|b Journal of Statistics Education,
|c 1993-
|
| 310 |
|
|
|a 3 issues a year,
|b 1995-
|
| 321 |
|
|
|a Annual,
|b 1993
|
| 321 |
|
|
|a 2 issues a year,
|b 1994
|
| 362 |
0 |
|
|a Vol. 1, no. 1 (July 1993)-
|
| 490 |
1 |
|
|a ASA-SIAM series on statistics and applied probability
|
| 500 |
|
|
|a Title from journal home page (publisher's Web site, viewed May 19, 2003).
|
| 506 |
|
|
|a License restrictions may limit access.
|
| 538 |
|
|
|a Mode of access: World Wide Web.
|
| 550 |
|
|
|a Supported by: the Dept. of Statistics at North Carolina State University.
|
| 588 |
|
|
|a Latest issue consulted: Vol. 12, no. 2 (July 2004) (viewed Aug. 26, 2004).
|
| 650 |
|
0 |
|a Statistics
|x Study and teaching
|v Periodicals.
|
| 650 |
|
7 |
|a Statistics
|x Study and teaching.
|2 fast
|0 (OCoLC)fst01132135
|
| 655 |
|
0 |
|a Electronic journals.
|
| 710 |
2 |
|
|a North Carolina State University.
|b Department of Statistics.
|
| 830 |
|
0 |
|a ASA-SIAM series on statistics and applied probability.
|
| 850 |
|
|
|a DLC
|
| 853 |
2 |
0 |
|8 1
|a v.
|b no.
|u 3
|v r
|i (year)
|j (month)
|w t
|x 03
|y ps03,07,11
|
| 856 |
4 |
0 |
|z Full text available from Research Library: 05/01/2018 to present
|u https://search.proquest.com/publication/3934956
|
| 863 |
4 |
1 |
|8 1.1
|a 3
|b 1
|i 1995
|j 03
|